[Event "Wch Seniors 12th"]
[Site "Naumburg"]
[Date "2002.11.01"]
[Round "10"]
[White "Reimann, Hubert"]
[Black "Dombrowski, Heinz Guenter"]
[Result "1-0"]
[WhiteElo "1941"]
[BlackElo "1727"]
[PlyCount "77"]
[EventDate "2002.10.21"]
[EventType "swiss"]
[EventRounds "11"]
[EventCountry "GER"]
[SourceTitle "EXT 2006"]
[Source "ChessBase"]
[SourceDate "2005.11.24"]
[SourceVersion "1"]
[SourceVersionDate "2005.11.24"]
[SourceQuality "1"]

1. d4 e6 2. Nf3 d5 3. c4 f5 4. Nc3 Nf6 5. g3 Nbd7 6. b3 Bb4 7. Bb2 Ne4 8. Qc2 c6 9. a3 Ba5 10. Bg2 0-0 11. e3 Qe8 12. 0-0 Ndf6 13. Ne5 Bc7 14. f3 Nxc3 15. Bxc3 h5 16. Bb4 h4 17. Bxf8 Kxf8 18. g4 g5 19. f4 Bxe5 20. fxe5 Nxg4 21. Qe2 Ke7 22. e4 dxe4 23. Bxe4 Nh6 24. Bg2 Bd7 25. h3 Qg6 26. Qe1 Kd8 27. d5 Qe8 28. dxc6 Bxc6 29. Qd2+ Kc7 30. Qd6+ Kc8 31. Bxc6 bxc6 32. Rfd1 Nf7 33. Qc5 Kc7 34. Rd3 Qf8 35. Qa5+ Kc8 36. Rad1 Rb8 37. Rd7 Rb7 38. Rxb7 Nd8 39. Qc7# 1-0

[Event "Wch Seniors 12th"]
[Site "Naumburg"]
[Date "2002.10.31"]
[Round "9"]
[White "Dombrowski, Heinz Guenter"]
[Black "Rahn, Oskar"]
[Result "0-1"]
[WhiteElo "1727"]
[BlackElo "2060"]
[PlyCount "106"]
[EventDate "2002.10.21"]
[EventType "swiss"]
[EventRounds "11"]
[EventCountry "GER"]
[SourceTitle "EXT 2006"]
[Source "ChessBase"]
[SourceDate "2005.11.24"]
[SourceVersion "1"]
[SourceVersionDate "2005.11.24"]
[SourceQuality "1"]

1. e4 e5 2. c3 Nf6 3. d3 Nc6 4. f4 d5 5. fxe5 Nxe4 6. Nf3 Nc5 7. d4 Ne4 8. Bd3 Be7 9. 0-0 f5 10. a4 Be6 11. b4 0-0 12. a5 a6 13. Bd2 Qe8 14. Na3 Qf7 15. Qe2 Nd8 16. c4 Nxd2 17. Qxd2 dxc4 18. Bb1 Nc6 19. Nc2 Rad8 20. Qc3 Bd5 21. Ba2 Na7 22. Ne3 Nb5 23. Qe1 c6 24. Bb1 g6 25. Bc2 Bxf3 26. Rxf3 Nxd4 27. Rf4 Bg5 28. Rf2 Nxc2 29. Rxc2 Rd4 30. Qc3 Rd3 31. Qxc4 Bxe3+ 32. Kf1 Qxc4 33. Rxc4 Kf7 34. Ke2 Rfd8 35. Ra2 Bg5 36. g3 Rd2+ 37. Rxd2 Rxd2+ 38. Kf3 Ke6 39. h4 Bh6 40. g4 Rd3+ 41. Ke2 Re3+ 42. Kf2 fxg4 43. Rxg4 Kxe5 44. h5 Re4 45. Rg3 gxh5 46. Rg8 Rxb4 47. Rh8 Bg5 48. Rxh7 h4 49. Rh5 Kf4 50. Rh8 Rb2+ 51. Ke1 Kf3 52. Rf8+ Bf4 53. Kd1 h3 0-1

[Event "Wch Seniors 12th"]
[Site "Naumburg"]
[Date "2002.10.30"]
[Round "8"]
[White "Keze, Arnis"]
[Black "Dombrowski, Heinz Guenter"]
[Result "1/2-1/2"]
[WhiteElo "2046"]
[BlackElo "1727"]
[PlyCount "147"]
[EventDate "2002.10.21"]
[EventType "swiss"]
[EventRounds "11"]
[EventCountry "GER"]
[SourceTitle "EXT 2006"]
[Source "ChessBase"]
[SourceDate "2005.11.24"]
[SourceVersion "1"]
[SourceVersionDate "2005.11.24"]
[SourceQuality "1"]

1. d4 e6 2. c4 d5 3. Nf3 f5 4. Ne5 Nf6 5. Bg5 Nbd7 6. Nc3 c6 7. e3 Be7 8. Rc1 0-0 9. cxd5 exd5 10. Bd3 Ne4 11. Bxe7 Qxe7 12. Nf3 Ndf6 13. 0-0 Nxc3 14. Rxc3 Ne4 15. Bxe4 fxe4 16. Ne5 Bf5 17. f4 exf3 18. Rxf3 Be4 19. Rg3 g6 20. Qg4 Qf6 21. Nf3 Kg7 22. h4 Rae8 23. Rb3 Rf7 24. h5 Bc2 25. hxg6 hxg6 26. Rc3 Bd1 27. Qg5 Ref8 28. Qxf6+ Rxf6 29. Kf2 Rh8 30. Rc1 Bxf3 31. gxf3 Re6 32. Rcg1 Rh2+ 33. R1g2 Rxg2+ 34. Rxg2 Kf6 35. f4 Re7 36. Rh2 Kg7 37. Kf3 a6 38. Rg2 Kf6 39. Rh2 Kg7 40. Rh3 Rf7 41. Rg3 Kf6 42. Rg5 Rh7 43. Kg2 b5 44. Re5 Rh8 45. a3 Rd8 46. Kf3 Rb8 47. b4 Rh8 48. e4 Rh3+ 49. Kg4 Rxa3 50. exd5 cxd5 51. Rxd5 Ke6 52. Rc5 Kd6 53. Rg5 Ra4 54. Rxg6+ Kd5 55. f5 Kxd4 56. Rb6 Ra1 57. Kg5 Kc4 58. f6 Rg1+ 59. Kf5 Rf1+ 60. Ke6 Re1+ 61. Kd7 Rd1+ 62. Rd6 Ra1 63. f7 Rf1 64. Ke7 Rxf7+ 65. Kxf7 Kxb4 66. Rxa6 Kc3 67. Ke6 b4 68. Kd5 b3 69. Rc6+ Kd2 70. Kd4 b2 71. Rb6 Kc2 72. Rc6+ Kd2 73. Rb6 Kc2 74. Rxb2+ 1/2-1/2

[Event "Wch Seniors 12th"]
[Site "Naumburg"]
[Date "2002.10.29"]
[Round "7"]
[White "Dombrowski, Heinz Guenter"]
[Black "Kuehn, Peter1111"]
[Result "1-0"]
[WhiteElo "1727"]
[BlackElo "2008"]
[PlyCount "97"]
[EventDate "2002.10.21"]
[EventType "swiss"]
[EventRounds "11"]
[EventCountry "GER"]
[SourceTitle "EXT 2006"]
[Source "ChessBase"]
[SourceDate "2005.11.24"]
[SourceVersion "1"]
[SourceVersionDate "2005.11.24"]
[SourceQuality "1"]

1. e4 c5 2. c3 d5 3. e5 Nc6 4. f4 d4 5. d3 f6 6. Nf3 Qc7 7. cxd4 cxd4 8. Qa4 Bd7 9. Qc4 b5 10. Qb3 Nxe5 11. Nbd2 Nxf3+ 12. Nxf3 Qb6 13. Be2 e6 14. 0-0 Bc5 15. Nh4 Ne7 16. Bh5+ g6 17. Bf3 Rc8 18. Bd2 a5 19. a3 a4 20. Qa2 0-0 21. g4 Kh8 22. Rae1 Nd5 23. Bxd5 exd5 24. h3 Qb7 25. b4 axb3 26. Qxb3 Rfe8 27. Bb4 Bxb4 28. axb4 Re3 29. Kh2 Rce8 30. Ng2 Rxe1 31. Rxe1 Rxe1 32. Nxe1 Qc7 33. Ng2 Bc6 34. Qc2 Qd6 35. Qd2 Kg7 36. Kg3 g5 37. Kf3 Qe7 38. Qc1 Bb7 39. Qb2 Qc7 40. Qxd4 Qc1 41. fxg5 Qxg5 42. Qb6 f5 43. Qxb7+ Kh6 44. Qc6+ Kg7 45. Qd7+ Kh8 46. Qxf5 Qxf5+ 47. gxf5 Kg7 48. Kf4 Kf6 49. Ne3 1-0

[Event "Wch Seniors 12th"]
[Site "Naumburg"]
[Date "2002.10.23"]
[Round "3"]
[White "Dombrowski, Heinz Guenter"]
[Black "Klose, Hans Peter"]
[Result "1-0"]
[WhiteElo "1727"]
[BlackElo "1547"]
[PlyCount "51"]
[EventDate "2002.10.21"]
[EventType "swiss"]
[EventRounds "11"]
[EventCountry "GER"]
[SourceTitle "EXT 2006"]
[Source "ChessBase"]
[SourceDate "2005.11.24"]
[SourceVersion "1"]
[SourceVersionDate "2005.11.24"]
[SourceQuality "1"]

1. e4 c5 2. c3 e6 3. f4 Nc6 4. Nf3 d6 5. Bb5 Bd7 6. a4 a6 7. Bd3 Be7 8. 0-0 Qb6 9. Kh1 0-0-0 10. Na3 d5 11. Bc2 dxe4 12. Bxe4 Nf6 13. Nc4 Qc7 14. d3 Nxe4 15. dxe4 Be8 16. Qe2 f6 17. a5 Nxa5 18. Nxa5 Bh5 19. Be3 Bd6 20. Qc4 Bf7 21. e5 b5 22. Qe4 f5 23. exd6 fxe4 24. dxc7 Kxc7 25. Ne5 Rhf8 26. Bxc5 1-0

[Event "Wch Seniors 12th"]
[Site "Naumburg"]
[Date "2002.10.22"]
[Round "2"]
[White "Jahr, Dieter"]
[Black "Dombrowski, Heinz Guenter"]
[Result "1-0"]
[WhiteElo "2045"]
[BlackElo "1727"]
[PlyCount "50"]
[EventDate "2002.10.21"]
[EventType "swiss"]
[EventRounds "11"]
[EventCountry "GER"]
[SourceTitle "EXT 2006"]
[Source "ChessBase"]
[SourceDate "2005.11.24"]
[SourceVersion "1"]
[SourceVersionDate "2005.11.24"]
[SourceQuality "1"]

1. c4 e6 2. d4 f5 3. Nc3 d5 4. e3 Nf6 5. Nf3 c6 6. Bd2 Bd6 7. c5 Bc7 8. b4 a6 9. a4 Nbd7 10. b5 axb5 11. axb5 Rxa1 12. Qxa1 Ne4 13. b6 Bb8 14. g3 0-0 15. Bg2 g5 16. Bc1 Qf6 17. 0-0 Qh6 18. Ne1 Ndf6 19. f4 Qg7 20. Nxe4 fxe4 21. Qa8 Nd7 22. Qa4 h5 23. Qd1 Nf6 24. fxg5 Qxg5 25. Bh3 h4 1-0